000 00939cab a2200301 4500
001 ABS59728
008 090401t1998 xxu||||| |||| 00| 0 eng d
035 _a(Sirsi) u89786
041 _aeng
100 _aGreed, J.
245 _aNo, I shan`t register
260 _c1998
350 _a0
490 _aNew Law Journal
_v148(6864) 13 November 1998, 1670-1671(2)
520 _aDiscusses the consultation paper "Land Registration for the 21st Century" concerning title registration in the context of electronic conveyancing. Considers the five requirements for the raising of an estoppel.
650 _aCAUTIONS
650 _aEASEMENTS
650 _aESTOPPEL
650 _aEXCHANGE OF CONTRACTS
650 _aLAND REGISTRATION
650 _aLEASES
650 _aOVERRIDING INTEREST
650 _aSQUATTERS
650 _aTITLE REGISTRATION
690 _aPROPERTY LAW AND PRACTICE
942 _n0
948 _c18/11/1998
999 _c56834
_d56834